Estadísticas para Fonemas según el modo de articulación

Haz click aquí para intentar la prueba.

Estadísticas generales

  • Esta prueba ha sido intentada 21 veces
  • La puntuación promedio es 2 de 24

Estadísticas de respuestas

HintRespuesta% Correcto
/a/abierta central sonora
100%
/i/cerrada palatal sonora
33%
/u/cerrada velar sonora
33%
/e/media palatal sonora
33%
/o/media velar sonora
33%
/l/alveolar sonora lateral
0%
/n/alveolar sonora nasal
0%
/r/alveolar sonora vibrante
0%
/rr/alveolar sonora vibrante
0%
/s/alveolar sorda fricativa
0%
/m/bilabial sonora nasal
0%
/b/bilabial sonora oclusiva
0%
/p/bilabial sorda oclusiva
0%
/d/dental sonora oclusiva
0%
/t/dental sorda oclusiva
0%
/Ɵ/interdental sorda fricativa
0%
/f/labiodental sorda fricativa
0%
/y/palatal sonora fricativa
0%
/ll/palatal sonora lateral
0%
/ɲ/palatal sonora nasal
0%
/ĉ/palatal sorda africada
0%
/g/velar sonora oclusiva
0%
/x/velar sorda fricativa
0%
/k/velar sorda oclusiva
0%

Distribución de puntuación

Porcentaje por número respondido

Porcentaje de gente con cada puntuación

Historial de tus puntuaciones

No has intentado esta prueba.